000 03607njm a2200529Ia 4500
001 23902
003 IT-RoPAU
005 20220918181120.0
008 131025s9999 xx 000 0 und d
040 _aIT-RoPAU
040 _cIT-RoPAU
041 _aITALIANO
999 _c99748
_d99748
999 _bn.d.
100 _aAA.VV.
_9794
100 _eAutore musica
_97234
100 _gCodice autore musica SPICS: 12000
_9796
245 _aJuke box-I grandi successi italiani vol.03 (l'epoca d'oro dei cantautori)
250 _a2a ed.
260 _aITALIA
260 _bSELEZIONE
_c1980 [1a Ed.:1980]
300 _aDISCO
500 _aL'epoca d'oro dei cantautori. Canzone italiana.
505 _aOgni giorno (Anka Paul) - Ballata della tromba (Rosso Nini) - Ventiquattromila baci (Little Tony) - Le strade di notte (Gaber Giorgio) - Flamenco rock [Milva (Biolcati Maria Ilva)] - (Modugno Domenico) - La novia (Modugno Domenico) - Quando quando quando (Renis Tony) - Io che amo solo te (Endrigo Sergio) - I watussi (Vianello Edoardo) - La terza luna (Sedaka Neil) - Legata a un granello di sabbia (Fidenco Nico) - La partita di pallone (Pavone Rita)
650 _aCANZONE ITALIAN [DISCHI]
_eCodice MATERIA SPICS: 9950
_97235
700 _aDevilli (Curci Alberto)
_dCodice autore musica SPICS: 13392
_eAutore musica
_pOgni giorno
_97236
700 _aAnka Paul
_dCodice autore testo/musica SPICS: 10704
_eAutore testo/musica
_pOgni giorno
_97237
700 _aPisano Luigi
_dCodice autore testo/musica SPICS: 13579
_eAutore testo/musica
_pBallata della tromba
_97238
700 _aCelentano Adriano
_dCodice autore musica SPICS: 10821
_eAutore musica
_pVentiquattromila baci
_97239
700 _aFulci
_dCodice autore SPICS: 22698
_eAutore
_pVentiquattromila baci
_97240
700 _aVivarelli Piero
_dCodice autore testo/musica SPICS: 13665
_eAutore testo/musica
_pVentiquattromila baci
_97241
700 _aCalibi
_dCodice autore musica SPICS: 14071
_eAutore musica
_pLe strade di notte
_97242
700 _aGaber Giorgio
_dCodice autore testo/musica SPICS: 10906
_eAutore testo/musica
_pLe strade di notte
_97243
700 _aMalgoni M.
_dCodice autore musica SPICS: 14072
_eAutore musica
_pFlamenco rock
_97244
700 _aCariaggi
_dCodice autore testo/musica SPICS: 14073
_eAutore testo/musica
_pFlamenco rock
_97245
700 _aMogol (Rapetti Giulio)
_dCodice autore musica SPICS: 13643
_eAutore musica
_pLa novia
_97246
700 _aPrieto Antonio
_dCodice autore testo/musica SPICS: 18703
_eAutore testo/musica
_pLa novia
_97247
700 _aRenis Tony
_dCodice autore musica SPICS: 13845
_eAutore musica
_pQuando quando quando
_97248
700 _aTesta Michele (=Gill Armando)
_dCodice autore testo/musica SPICS: 13131
_eAutore testo/musica
_pQuando quando quando
_97249
700 _aEndrigo Sergio
_dCodice autore testo/musica SPICS: 10878
_eAutore testo/musica
_pIo che amo solo te
_97250
700 _aVianello Edoardo
_dCodice autore musica SPICS: 13844
_eAutore musica
_pI watussi - La partita di pallone
_97251
700 _aRossi Carlo Alberto (Cicero)
_dCodice autore testo/musica SPICS: 13130
_eAutore testo/musica
_pI watussi - La partita di pallone
_97252
700 _aMigliacci Franco
_dCodice autore musica SPICS: 13653
_eAutore musica
_pLa terza luna
_97253
700 _aEnriquez Luis
_dCodice autore testo/musica SPICS: 10879
_eAutore testo/musica
_pLa terza luna
_97254
700 _aMarchetti Gianni
_dCodice autore SPICS: 11622
_eAutore
_pLegata a un granello di sabbia
_97255
700 _aFidenco Nico
_dCodice autore testo/musica SPICS: 13843
_eAutore testo/musica
_pLegata a un granello di sabbia
_97256
942 _cMD
_2ddc